| 000 | 00401nam a2200145Ia 4500 | ||
|---|---|---|---|
| 008 | 151213s9999 xx 000 0 und d | ||
| 100 | _aRobert J. Milch | ||
| 245 |
_aAgamemnon, The Choephori, The Eumerides Notes _cRobert J. Milch |
||
| 260 |
_aNebraska _bCliffs Notes _c1965 |
||
| 300 | _a3563 p. | ||
| 650 | _aEnglish Literature | ||
| 650 | _aLiterature | ||
| 700 | _aRobert J. Milch | ||
| 999 |
_c2366 _d2366 |
||